Crónica de un palacio guanajuatense. (Registro nro. 437108)
[ vista simple ]
| 000 -LÍDER | |
|---|---|
| Campo fijo de descripción fija | 00915nam a22002417a 4500 |
| 003 - IDENTIFICADOR DEL NÚMERO DE CONTROL | |
| Campo de control | BCEG |
| 005 - FECHA Y HORA DE LA ULTIMA TRANSACCIÓN | |
| control field | 20260320133855.0 |
| 008 - ELEMENTOS DE LONGITUD FIJA -- INFORMACIÓN GENERAL | |
| Campo fijo de descripción fija -- Información general | 260317s1985 mx a||||||||||||||0 spa d |
| 040 ## - FUENTE DE CATALOGACIÓN | |
| Agencia de catalogación original | BCEG |
| Idioma de catalogación | spa |
| Agencia que realiza la transcripción | BCEG |
| 082 04 - CLASIFICACIÓN | |
| Número de clasificación | FG725.12 |
| Número de cutter | G643c |
| 100 1# - ASIENTO PRINCIPAL--NOMBRE PERSONAL | |
| Nombre del autor personal | González-Leal, Mariano. |
| 245 10 - TÍTULO PROPIAMENTE DICHO | |
| Título | Crónica de un palacio guanajuatense. |
| 260 ## - PUBLICACIÓN, DISTRIBUCIÓN, ETC. (PIE DE IMPRENTA) | |
| Lugar de publicación, distribución, etc. | [Guanajuato, México] : |
| Nombre del editor, distribuidor, etc. | Gobierno del Estado de Guanajuato, |
| Fecha de publicación, distribución, etc. | 1985. |
| 300 ## - DESCRIPCIÓN FÍSICA | |
| Extensión | 105 p. : |
| Otros detalles físicos | il., fot. |
| 500 ## - NOTA GENERAL | |
| Nota General | "Año de la patria 1810-1910" --En portada. |
| 504 ## - NOTA DE BIBLIOGRAFÍA, ETC. | |
| Nota de bibliografía, etc. | Incluye bibliografía. |
| 506 ## - NOTA DE RESTRICCIONES DE ACCESO | |
| Términos que controlan el acceso | Para uso exclusivo en sala de Fondos Especiales; Requiere autorización para reproducción. |
| Autorización | Reglamento de la Sala de Fondos Especiales. |
| 535 ## - NOTA DE UBICACIÓN DE ORIGINALES | |
| Custodio | Disponible en Colección Fondo Guanajuato. |
| 541 ## - NOTA DE FUENTE INMEDIATA DE ADQUISICIÓN | |
| Nota de fuente de adquisición | Donación. |
| 650 14 - ASIENTO SECUNDARIO DE MATERIA - TERMINO TEMÁTICO | |
| Término temático o nombre geográfico como elemento de entrada | Edificios públicos |
| Subdivisión geográfica | Guanajuato (Guanajuato, México) |
| Subdivisión general | Historia. |
| 700 1# - ASIENTO SECUNDARIO - NOMBRE PERSONAL | |
| Nombre personal | Andrade, Gonzalo, |
| Función o responsabilidad del autor | coord. |
| 942 ## - TIPO DE MATERIAL (KOHA) | |
| Tipo de Item KOHA | Libro |
| Esquema de Clasificacion | No para Préstamo | Colección | Biblioteca de Origen | Biblioteca Permanente | Fecha de Adquisición | Fuente de Adquisicion | Total de Préstamos | Signatura Topográfica | Código de Barras | Última vez visto | Tipo de Material |
|---|---|---|---|---|---|---|---|---|---|---|---|
| Dewey Decimal Classification | Material en Reserva | Fondos Especiales | Biblioteca Central Estatal de Guanajuato, "Wigberto Jiménez Moreno" | Biblioteca Central Estatal de Guanajuato, "Wigberto Jiménez Moreno" | 17/03/2026 | DONAD | FG725.12 G643c | BCEG8655230899 | 17/03/2026 | Libro |